000 00632nam a2200229Ia 4500
003 OSt
005 20220918202100.0
006 a|||||r|||| 00| 0
007 ta
008 220917b |||||||| |||| 00| 0 eng d
024 _a98,630
037 _cTextual
040 _aARTS
_cARTS
_beng
041 _2eng
_aeng
082 _aV2:25wM69,1, M0
100 _aGandhi M K
245 0 _aAutobiography or the story of my experiments with truth tr by Mahadev Desai
260 _aAhmedabad
_bnavajivan
_c1840
650 _aHISTORY
942 _hV2:25wM69,1, M0
_cTEXL
_2CC
999 _c222217
_d222217